00949nam a2200265Ia 450000100060000000300090000600800410001504000130005604000130006904100130008210000210009510000290011624000360014524000350018124500510021624500510026725000110031826000110032926000120034026000490035230000430040150001840044465000240062865000310065215083IT-RoPAU130308s9999 xx 000 0 und d aIT-RoPAU cIT-RoPAU aITALIANO aBernanos Georges gCodice Aut. SPICS: 9287 aLIBERTE' (LA), pour quoi FAIRE? gCodice Tit. Orig. Spics: T1098 aSpirito europeo e il mondo delle macchine (Lo) bSpirito Europeo e Il Mondo delle Macchine (Lo) a1a ed. aMILANO bRusconi c1972 [1° Ed.:1972 - Ed.Ling.Originale:1953] a"300 p. (prefazione: no ; testo: 300)" aRivoluzione e Libertà Francia Davanti al Mondo di domani a che Serve Questa Liberta'? Santi Nostri Amici Vita di Georges Bernanos Bibliografia Introduzione di Alfredo Cattabiani aSAGGI DI SOCIOLOGIA eCodice materia Spics: 3657